El significado del movimiento estudiantil
Enregistré dans:
| Auteur principal: | |
|---|---|
| Format: | Livre |
| Langue: | espagnol |
| Publié: |
Santiago
Corporación de Promoción Universitaria
1971
|
| Collection: | Aportes Universitarios, 5
|
| Sujets: | |
| Tags: |
Ajouter un tag
Pas de tags, Soyez le premier à ajouter un tag!
|
MARC
| LEADER | 00000nam a2200000 a 4500 | ||
|---|---|---|---|
| 001 | UCU0974 | ||
| 003 | CL-VaPUC | ||
| 008 | 960329e19710000CL |||||||||||||||||spa|d | ||
| 082 | 0 | 4 | |a 371.83 |b ALB |2 21 |
| 100 | 0 | |a Albornoz, Orlando |e author |9 356516 | |
| 245 | 1 | 3 | |a El significado del movimiento estudiantil |
| 300 | |a 87 p | ||
| 942 | |c BK | ||
| 945 | |d 19960329 00:00:00 |a lriquelm | ||
| 260 | |a Santiago |b Corporación de Promoción Universitaria |c 1971 | ||
| 650 | 0 | |a Movimientos estudiantiles |9 338921 | |
| 650 | 7 | |a ORGANIZACIONES DE ESTUDIANTES |2 CL-VaPUC |9 341277 | |
| 650 | 7 | |a RELACION DOCENTE ALUMNO |2 CL-VaPUC |9 307734 | |
| 650 | 0 | |a Sociología de la educación |9 260380 | |
| 650 | 0 | |a Universidades |9 256317 | |
| 583 | |a last modification |c 19960329 00:00:00 |k Rodrigo Vera | ||
| 490 | 0 | |a Aportes Universitarios, 5 | |
| 999 | |c 245748 |d 245746 | ||
| 952 | |0 0 |1 0 |4 0 |6 371_830000000000000_ALB_1971 |7 0 |8 P |9 260339 |a BIBEDU |b BIBEDU |c BIBEDU_PB |d 2019-11-19 |i 1639161 |o 371.83 ALB 1971 |p 1639161 |r 2024-01-25 |w 2019-11-19 |y BK |k EDU | ||